MDQL
is popping MORE tags! Check the
thread
!
Quizzes
Events
Quiz Creation
Community
Videos
Private Events
Remove Ads
Sign In
Join for FREE
Feedback
Dark Mode
Quiz Categories
Sports
Geography
Music
Movies
Television
Just For Fun
Miscellaneous
History
Literature
Language
Science
Gaming
Entertainment
Religion
Holiday
For Kids
Quiz Lab
Recent
Popular Today
Quiz Kudos Today
Editor Picks
Curator Picks
Quizzes by...
Day
Popularity
Type
Ratings
Length
Year
Community
Subscriptions
Recent Discussions
Orange Saloon
Badges
Playlists
Quests
Create
Leaderboards
Showdown
Live 5
Trivia Bingo
Activity
Puzzle Library
Sporcle Events
Private Events
Virtual Trivia
Globe League
Become a Host
Pub Owners
SporcleCon
Opinionation
Our Games
Videos
Blog
Mobile Apps
Partnerships
Remove Ads and Go Orange
Feedback
Sports
Athletes
MLB
NBA
NHL
NFL
Soccer
Sports Teams
WWE
NCAA
Football
Premier League
Basketball
Baseball
Hockey
Golf
Tennis
Cricket
Rugby
Auto Racing
Olympics
World Cup
Sports
Athletes
MLB
NBA
NHL
NFL
Soccer
Sports Teams
WWE
NCAA
Football
Premier League
Basketball
Baseball
Hockey
Golf
Tennis
Cricket
Rugby
Auto Racing
Olympics
World Cup
Random Quiz
Search Sporcle
×
Quiz Lab
Quiz Lab
Sports
team
Type in answers that appear in a list
Type in answers that appear in a list
Classic
Best Score? Go Orange.
Australian Sporting Teams Stats
Can you name the Australian Sporting Teams in all codes?
By
Jr11
10m
56 Questions
516 Plays
516 Plays
516 Plays
Comments
Comments
Give Quiz Kudos
Give Quiz Kudos
-
- Ratings
hide this ad
Replay
Link that replays current quiz
Next Quiz
Link to next quiz in quiz playlist
You Got
0%
They Got
Avg Score
78%
Avg Friend Score
Upgrade to see
Score Distribution
Jump to the score distribution portion of the page
Score
0/56
Timer
10:00
0
Plays Today
League
Team
% Correct
AFL
Richmond Tigers
94.3%
NRL
Brisbane Broncos
93.3%
NRL
West Tigers
92.5%
AFL
West Coast Eagles
92%
AFL
Western Bulldogs
91.6%
AFL
Brisbane Lions
91.2%
NRL
Canterbury-Bankstown Bulldogs
89.8%
AFL
Sydney Swans
89.8%
NRL
Manly-Warringah Sea Eagles
89.6%
NRL
Melbourne Storm
89.6%
AFL
Greater Western Sydney Giants
89%
AFL
Gold Coast Suns
88.8%
AFL
Hawthorn Hawks
88%
AFL
Collingwood Magpies
86.9%
AFL
Fremantle Dockers
86.7%
AFL
Adelaide Crows
86.5%
AFL
Geelong Cats
85.9%
NBL
Illawarra Hawks
85.9%
NRL
South Sydney Rabbitohs
84.7%
NRL
Parramatta Eels
84.5%
AFL
Carlton Blues
84.5%
NRL
North Queensland Cowboys
84.1%
NRL
Canberra Raiders
83.7%
NRL
Sydney Roosters
83.7%
A-
League
Adelaide United
83.5%
AFL
Port Adelaide Power
83.3%
AFL
Essendon Bombers
82.7%
NRL
Gold Coast Titans
82.5%
League
Team
% Correct
AFL
North Melbourne Kangaroos
82.5%
NRL
Penrith Panthers
82.4%
NRL
Cronulla-Sutherland Sharks
80.4%
AFL
St Kilda Saints
80.4%
NBL
Melbourne United
80.4%
AFL
Melbourne Demons
79.2%
NRL
Newcastle Knights
78.8%
A-
League
Sydney FC
77.6%
NRL
New Zealand Warriors
77.3%
NRL
St George Illawarra Dragons
75.9%
A-
League
Perth Glory
74.9%
A-
League
Melbourne Victory
74.7%
A-
League
Melbourne City
74.5%
A-
League
Brisbane Roar
73.3%
A-
League
Western Sydney Wanderers
71.6%
NBL
Sydney Kings
70.6%
A-
League
Central Coast Mariners
69.4%
Super Rugby
NSW Waratahs
65.3%
A-
League
Wellington Phoenix
64.3%
NBL
Adelaide 36ers
63.3%
A-
League
Newcastle Jets
62.9%
Super Rugby
ACT Brumbies
61.8%
NBL
Perth Wildcats
60%
Super Rugby
Melbourne Rebels
58.4%
NBL
Cairns Taipans
58.4%
NBL
Brisbane Bullets
54.1%
Super Rugby
Western Force
50.4%
NBL
New Zealand Breakers
48.2%
Quiz Playlist
Details
Report
Send in Message
Add To Playlist
Classic:
Type in answers that appear in a list
Last Updated: Feb 16, 2017
Quiz Scoreboard
CHALLENGE
Sign Up to Join the Scoreboard
Show All
Scores
Hide
Comments
May contain spoilers
Recently Published
5x2 Blitz: Bands
by SL_Kpop136
Music
30s
Colored Red Africa Blitz
by spor1
Geography
30s
Find the 'City' Movie
by crazypaving
Movies
60s
More to Explore
Quiz From the Vault
Featured Blog Post
14 Easter Pick-up Lines to Find Eggs With
hide this ad
You Might Also Like...
Tags
Australia
code
League
team
Today's Top Quizzes in Sports
Browse Sports
hide this ad
Today's Top Quizzes in team
Browse team
Top Contributed Quizzes in Sports
1
Les entraîneurs de l'OM et du PSG au 21e siècle
2
Les meilleurs buteurs des matchs entre le PSG et l’OM
3
Les joueurs passés par le PSG et l'OM
4
Players with Multiple 50 Home Run Seasons
5
2022 World Cup Stars
6
Criteria MLB: Left Handed Sluggers
7
NBA Logic Puzzle 2.0
8
MLB Players with Two .350 Batting Average Seasons
9
Top 10 NHL Goal Scorers of All Time
10
Les joueurs passés par le LOSC et le RC Lens
Explore More
Trending Topics
Disney
Harry Potter
Kpop
NBA
Anime
Marvel
Crossword
Pokémon
Soccer
Country
Song
WWE
Puzzle
NFL
The Office
hide this ad
More By:
Jr11
Quiz
Plays
Rating
Category
Featured
Created
Australian Sporting Teams
516
5.00
Sports
Jul 27, 2016
Arsenal Squad Numbers 2016/17
483
5.00
Sports
Sep 1, 2016
Arsenal's Most Expensive Signings
297
5.00
Sports
Jul 20, 2016
Go to Creator's Profile
Score Distribution
Quiz Creator Spotlight
Jr11
Follow
Send a Message
Quizzes Created
-
Created Quiz Play Count
-
More By This Creator
Popular Quizzes Today
1
Colored Red Africa Blitz
2
Find the 'City' Movie
3
Find the US States - No Outlines Minefield
4
5x2 Blitz: Bands
5
The Countries of the World
6
Find the US States
7
US States
8
Find the Countries of Europe - No Outlines Minefield
More Sports Quizzes
NCAA Profile: Duke
Published
Trending Quizzes
Colored Red Europe Blitz I
Colored Red Africa Blitz II
Colored Red Europe Blitz II
Colored Red Europe Blitz III
Colored Red Africa Blitz III
Recently Updated
How Do You Spell That?
pecheneg
Godzilla Movies
pecheneg
Grab Bag: 4-10 Letters
pecheneg
2024 March Madness Bracket
pecheneg
Famous TV Couples
Peacemaker
Champions League XIs: Real Madrid
pecheneg
Largest US Cities 1790-2010
pecheneg
Rides in Walt Disney World
pecheneg
Most Oscar Losses (Acting)
pecheneg
Beyoncé Albums
pecheneg
Trending Topics
Crossword
Marvel
Kpop
Disney
NBA
Harry Potter
Anime
Song
Pokémon
The Office
Country
Puzzle
Soccer
WWE
NFL
Your Account Isn't Verified!
In order to create a playlist on Sporcle, you need to verify the email address you used during registration. Go to your
Sporcle Settings
to finish the process.
Report this User
Report this user for behavior that violates our
Community Guidelines
.
Details:
Send Report
Go to the Sporcle.com Mobile Site →
Comments